| 000 | 00975nam a2200325Ia 4500 | ||
|---|---|---|---|
| 001 | B3396 | ||
| 003 | IT-RoPAU | ||
| 008 | 130308s9999 xx 000 0 und d | ||
| 040 | _aIT-RoPAU | ||
| 040 | _cIT-RoPAU | ||
| 041 | _aFRANCESE | ||
| 100 | _aHoudebine Anne-Marie | ||
| 100 | _gCodice Aut. SPICS: 17927 | ||
| 245 | _aImaginaire linguistique dans la communication mass-mediatique (L') | ||
| 245 | _bMedias et Enseignement-Actes Du Colloque Aupelf (Sitges, Avril 1984) | ||
| 250 | _a1a ed. | ||
| 260 | _aPARIS | ||
| 260 | _bDidier Erudition | ||
| 260 | _c1985 [1° Ed.:1985 - Ed.Ling.Originale:1985] | ||
| 300 | _a"7 p. (prefazione: no ; testo: 7 [pagine: 58-64])" | ||
| 500 | _aImmaginario Linguistico nella Comunicazione Massmediatica. | ||
| 650 | _aDIDATTICA GENERALE | ||
| 650 | _eCodice materia Spics: 4001 | ||
| 700 | _aBaudelot Corinne | ||
| 700 | _gCodice Aut. SPICS: 37596 | ||
| 942 | _cBK | ||
| 957 | _71 | ||
| 999 |
_c45829 _d45829 |
||
| 999 | _bSI | ||
| 999 | _g1 | ||